Elementos de administración: enfoque internacional

Đã lưu trong:
Chi tiết về thư mục
Những tác giả chính: Koontz, Harold (Tác giả), Weihrich, Heinz (Tác giả)
Định dạng: Sách
Ngôn ngữ:Tiếng Tây Ban Nha
Được phát hành: Ciudad de México McGraw-Hill 2002
Phiên bản:6a. ed
Những chủ đề:
Các nhãn: Thêm thẻ
Không có thẻ, Là người đầu tiên thẻ bản ghi này!

MARC

LEADER 00000nam a2200000 a 4500
001 UCI8746
003 CL-VaPUC
008 080925e20020000MX |||||||||||||||||spa|d
020 |a 9701033922 
082 0 4 |a 658  |b KOO  |2 21 
100 |a Koontz, Harold  |e author  |9 222211 
700 0 |a Weihrich, Heinz  |e author  |9 532340 
245 1 0 |a Elementos de administración: enfoque internacional 
250 |a 6a. ed 
300 |a 497 p 
942 |c BK 
945 |d 20080925 00:00:00  |a jtorresc 
260 |a Ciudad de México  |b McGraw-Hill  |c 2002 
650 0 |a Administración de empresas   |9 260833 
650 0 |a Administración industrial   |9 259466 
583 |a last modification  |c 20080925 00:00:00  |k Rodrigo Vera 
999 |c 331540  |d 331538 
952 |0 0  |1 0  |2 ddc  |4 0  |6 658_000000000000000_KOO_2002  |7 0  |8 A  |9 418277  |a BIBING  |b BIBING  |c RES  |d 2019-11-22  |i 4483405  |o 658 KOO 2002  |p 4483405  |r 2025-01-20  |w 2019-11-22  |y BK  |k CIC